Guess the Country by First and Last Letter - Statistics

General Stats
  • This quiz has been taken 912 times
  • The average score is 10 of 15
Answer Stats
First Letter Last Letter Answer % Correct
U Y Uruguay
87%
C D Chad
86%
V M Vietnam
84%
F I Fiji
80%
D I Djibouti
72%
M I Mali or Malawi
72%
K I Kiribati
71%
H S Honduras
68%
F E France
67%
B H Bangladesh
64%
G N Gabon
62%
L G Luxembourg
55%
E T Egypt
54%
N D New Zealand
49%
P S Philippines
48%
No matching quizzes found
Score Distribution
Percent of People with Each Score
Percentile by Number Answered
Your Score History
You have not taken this quiz